Convincing Political Stakeholders Successful Lobbying through Process Competence in the Complex Decision-Making System of the European Union

Salvato in:
Dettagli Bibliografici
Autore principale: Joos, Klemens
Natura: Libro
Lingua:inglese
Pubblicazione: Weinheim WILEY 2024
Edizione:2nd Revised and Extended Edition
Soggetti:
Tags: Aggiungi Tag
Nessun Tag, puoi essere il primo ad aggiungerne!!

MARC

LEADER 00000nam a2200000 4500
001 0301349
005 20240613143844.3
020 |a 978-3-527-51138-9 
041 0 |a eng 
044 |a DE 
245 1 0 |a Convincing Political Stakeholders  |b Successful Lobbying through Process Competence in the Complex Decision-Making System of the European Union  |c Klemens Joos 
250 |a 2nd Revised and Extended Edition 
264 1 |a Weinheim  |b WILEY  |c 2024 
300 |a 577 s. 
610 2 0 |a politika medzinárodná 
610 2 0 |a vzťahy politické medzinárodné 
610 2 0 |a lobizmus 
610 2 0 |a integrácia ekonomická medzinárodná 
610 2 0 |a spolupráca hospodárska medzinárodná 
610 2 0 |a Európska únia 
100 1 |a Joos, Klemens